| 000 | 00635nam a2200229Ia 4500 | ||
|---|---|---|---|
| 005 | 20260429111948.0 | ||
| 008 | 260429s9999||||xx |||||||||||||| ||und|| | ||
| 020 | _a9783030424954 | ||
| 041 | _aEnglish | ||
| 082 |
_a511.8 _bLI |
||
| 100 | _aLi, Xue-Zhi | ||
| 245 | 0 |
_aAge structured epidemic modeling / _cXue-Zhi Li |
|
| 260 |
_aSwitzerland : _bSpringer, _c2020. |
||
| 300 | _axii, 383 p.; hb | ||
| 440 | _aInterdisciplinary applied mathematics; 52 | ||
| 650 | _a Epidemic modelling | ||
| 650 | _a Mathematical modelling | ||
| 650 | _aMathematics | ||
| 700 | _a Martcheva, Maia | ||
| 700 | _a Yang, Junyuan | ||
| 942 | _cTB | ||
| 999 |
_c51646 _d51646 |
||